The dream, charisma, and the culture-hero

Bibliographic Details
Published in:The dream and human societies, ed. by G.E. von Grunebaum and Roger Caillois, Berkeley, 1966, p. 229-235
Main Author: La Barre, Weston
Content type: Article
Source:MPIPL_cat

MARC

LEADER 00000naa a2200000 u 4500
001 PL000147776
003 PLI01000000000000000145149
005 00000000000000.0
007 tu|||||||||||||||||||||
008 t r ||| eng
041 0 7 |a eng  |2 ISO 639-2 
100 1 |a La Barre, Weston 
245 0 4 |a The dream, charisma, and the culture-hero  |c Weston La Barre 
773 0 8 |t The dream and human societies  |a ed. by G.E. von Grunebaum and Roger Caillois  |d Berkeley, 1966  |g p. 229-235  |w MPIPL_cat.PL000147663  |i In: 
952 |j 1966  |h p. 229-235 
996 |a Aufsatz 
996 |a Aufsatz 
997 |a book chapter